00389 a2200121 4500001001000000005001700010008004100027245007600068100001900144700002400163773006300187999001700250ART_1143520260410161857.0260409a 10aEl proceso de las decisiones políticas y la dinámica presupuestaria1 aBarone, Sergio1 aSonnet, Fernando H.0 tRevista de Economíag- Nº 66 (ene./mar. 1992)wREV11077 c25572d25572